Elevated residential structures: reducing food through building design a guide manual

Zapisane w:
Opis bibliograficzny
Korporacja: Department of Housing and Urban Development (Autor)
Format: Książka
Język:angielski
Wydane: Washington, D.C Department of Housing and Urban Development 1977
Hasła przedmiotowe:
Etykiety: Dodaj etykietę
Nie ma etykietki, Dołącz pierwszą etykiete!

MARC

LEADER 00000nam a2200000 a 4500
001 UCU7595
003 CL-VaPUC
008 960705e19770000US |||||||||||||||||eng|d
082 0 4 |a 690.8  |b DEP  |2 21 
110 2 |a Department of Housing and Urban Development  |e author  |9 366507 
245 1 0 |a Elevated residential structures: reducing food through building design a guide manual 
300 |a 58 p 
942 |c BK 
945 |d 19960705 00:00:00  |a lriquelm 
260 |a Washington, D.C  |b Department of Housing and Urban Development  |c 1977 
650 0 |a Casas   |9 348018 
650 0 |a Construcción  |9 260195 
650 7 |a TECNOLOGIA DE LA CONSTRUCCION  |2 CL-VaPUC  |9 260196 
650 7 |a SISTEMAS ESTRUCTURALES  |2 CL-VaPUC  |9 364519 
583 |a last modification  |c 19960705 00:00:00  |k Rodrigo Vera 
999 |c 250191  |d 250189 
952 |0 0  |1 0  |4 0  |6 690_800000000000000_DEP_1977  |7 0  |8 A  |9 268054  |a BIBING  |b BIBING  |d 2019-11-19  |i 1698966  |o 690.8 DEP 1977  |p 1698966  |r 2025-01-20  |w 2019-11-19  |y BK  |k ING